| 000 | 00659cam8a220021700 4500 | ||
|---|---|---|---|
| 001 | tmp15413685 | ||
| 003 | UPRA | ||
| 005 | 20190815100539.0 | ||
| 008 | 950809s1969 gw eng u | ||
| 035 | _a(Sirsi) r33711 | ||
| 035 | _a(UPRA)tmp15413685 | ||
| 040 | _cUPRA | ||
| 100 | 1 |
_aGersch, Alexander. _6A97229.1 |
|
| 245 | 1 | 0 | _aOn the theory of exchange value. |
| 260 |
_a[Wurzburg : _bUniversitatsdruckerei H. Sturtz, _c1969] |
||
| 650 | 0 |
_aValue. _6S2926.1 |
|
| 650 | 0 |
_aExchange. _6S49049.1 |
|
| 949 |
_aHB201 _vVOL. 1 _wlcc _i33729000378633 _mMAIN _tBOOK _lON-SHELF |
||
| 949 |
_aHB201 _vVOL. 2 _wlcc _i33729000378666 _mMAIN _tBOOK _lON-SHELF |
||
| 004 | 33711 | ||
| 999 |
_c61810 _d61810 |
||